Guess the Footballers by their Teams #13 - Statistics

General Stats
  • This quiz has been taken 214 times
  • The average score is 6 of 10
Answer Stats
Hint Answer % Correct
1976-1997. Argentinos Juniors, Boca Juniors, Barcelona, Napoli, Sevilla, Newell's Old Boys, Boca Juniors, Argentina. Diego Maradona
95%
1957-1980. Sporting Lourenco Marques, Benfica, Boston Minutemen, Monterrey, Toronto Metros-Croatia, Beira-Mar, Las Vegas Quicksilvers, Uniao de Tomar, New Jersey Americans, Buffalo Stallions, Portugal. Eusebio
78%
1995-2012. Chemnitzer FC II, Chemnitzer FC, 1. FC Kaiserlautern II, 1. FC Kaiserlautern, Bayer Leverkusen, Bayern Munich, Chelsea, Bayer Leverkusen, Germany. Michael Ballack
77%
1994-2011. Cannes, AC Milan, Arsenal, Juventus, Inter Milan, Manchester City, France. Patrick Vieira
71%
2001-. Maritimo B, Maritimo, Porto, Real Madrid, Besiktas, Porto, Portugal. Pepe
71%
2004-. Cukaricki, OFK Beograd, Lazio, Manchester City, Roma, Inter Milan, Serbia. Aleksandar Kolarov
63%
2006-. Lens, Tottenham Hotspur (loan), Tottenham Hotspur, Queens Park Rangers (loan), Queens Park Rangers, Fulham (loan), AC Milan (loan), Benfica, Genoa (loan), Morocco. Adel Taarabt
52%
2002-2017. Manchester City, Newcastle United, Queens Park Rangers, Marseille (loan), Burnley, Rangers, Burnley, England. Joey Barton
38%
2000-. Livorno, Roma, Livorno (loan), Juventus, Fiorentina (loan), Italy. Giorgio Chiellini
34%
2000-2021. Cruzeiro, Monaco, Inter Milan, Manchester City, Roma, Avai, Criciuma, Villa Nova, Sona, Tre Penne, Brazil. Maicon
31%
No matching quizzes found
Score Distribution
Percent of People with Each Score
Percentile by Number Answered
Your Score History
You have not taken this quiz